| Tag |
First Indicator |
Second Indicator |
Subfields |
| LEADER |
00000cam a2200000 4500 |
| 001 |
in00000038727 |
| 005 |
20151007081238.0 |
| 008 |
750505s1962 eng u |
| 010 |
|
|
|a 62011354
|
| 035 |
|
|
|a (OCoLC)01313290
|
| 035 |
|
|
|9 AAF6094AM
|
| 040 |
|
|
|c ORL
|d TXA
|d UtOrBLW
|
| 049 |
|
|
|a TXAM
|c [347852]
|
| 050 |
0 |
0 |
|a JK524
|b .D78
|
| 082 |
0 |
|
|a 324.0973
|
| 092 |
|
|
|a 324
|b D881r
|
| 100 |
1 |
|
|a Dulce, Berton.
|
| 245 |
1 |
0 |
|a Religion and the presidency :
|b a recurring American problem /
|c by Berton Dulce and Edward J. Richter.
|
| 264 |
|
1 |
|a New York :
|b Macmillan,
|c 1962.
|
| 300 |
|
|
|a 245 pages ;
|c 22 cm.
|
| 336 |
|
|
|a text
|b txt
|2 rdacontent
|
| 337 |
|
|
|a unmediated
|b n
|2 rdamedia
|
| 338 |
|
|
|a volume
|b nc
|2 rdacarrier
|
| 504 |
|
|
|a Includes bibliography.
|
| 650 |
|
0 |
|a Presidents
|z United States
|x Election.
|
| 650 |
|
0 |
|a Christianity and politics.
|
| 700 |
1 |
|
|a Richter, Edward J.
|
| 999 |
|
|
|a MARS
|
| 999 |
f |
f |
|s c7bfa1b0-dddf-380c-b04d-04506d2c8d4b
|i d56a1c2b-20fd-361d-bd56-68182c0a533d
|t 0
|
| 952 |
f |
f |
|p ric
|a Texas A&M University
|b Rellis Campus
|c Joint Library Facility
|d Remote Storage
|t 0
|e JK524 .D78
|h Library of Congress classification
|i unmediated -- volume
|m A14800667647
|
| 998 |
f |
f |
|a JK524 .D78
|t 0
|l Remote Storage
|